LEADER 02568nam 22005293u 450 001 9910460471503321 005 20210108102457.0 010 $a0-8157-2713-5 035 $a(CKB)3710000000527098 035 $a(EBL)4107694 035 $a(SSID)ssj0001582845 035 $a(PQKBManifestationID)16257540 035 $a(PQKBTitleCode)TC0001582845 035 $a(PQKBWorkID)14861517 035 $a(PQKB)10711901 035 $a(MiAaPQ)EBC4321756 035 $a(EXLCZ)993710000000527098 100 $a20151207d2015|||| u|| | 101 0 $aeng 135 $aur|n|---||||| 181 $ctxt 182 $cc 183 $acr 200 14$aThe Power of the Past$b[electronic resource] $eHistory and Statecraft 210 $cBrookings Institution Press$d2015 215 $a1 online resource (223 p.) 300 $aDescription based upon print version of record. 311 $a0-8157-2712-7 327 $aTitle Page; Copyright Page; Contents; 1 - Introduction: Thinking about History and Foreign Policy; Part I - How History does Influence Policy; 2 - Henry Kissinger, the Study of History, and the Modern Statesman; 3 - Policymaking and the Uses of the Vietnam War; 4 - Neither Munich nor Vietnam: The Gulf War of 1991; 5 - Narrating Democracy: Historical Narratives, the Potsdam Declaration, and Japanese Rearmament, 194550; Part II - How History can and should Influence Policy; 6 - Containment: Myth and Metaphor; 7 - Grand Strategy and Petty Squabbles: The Paradox and Lessons of the Reagan NSC 327 $a8 - The Ambiguities of Humanitarian Intervention9 - The Shadow of White Slavery: Race, Innocence, and History in Contemporary AntiHuman Trafficking Campaigns; Part III - Policymakers Insights; 10 - History, Policymaking, and the Balkans: Lessons Imported and Lessons Learned; 11 - Looking Forward through the Past: The Role of History in Bush White House National Security Policymaking; 12 - The Nature of Historys Lessons; About the Authors; Index; Back Cover 606 $aUnited States - General$2HILCC 606 $aRegions & Countries - Americas$2HILCC 606 $aHistory & Archaeology$2HILCC 608 $aElectronic books. 615 7$aUnited States - General 615 7$aRegions & Countries - Americas 615 7$aHistory & Archaeology 676 $a973 700 $aBrands$b Hal$0946143 701 $aSuri$b Jeremi$0472417 801 0$bAU-PeEL 801 1$bAU-PeEL 801 2$bAU-PeEL 906 $aBOOK 912 $a9910460471503321 996 $aThe Power of the Past$92137538 997 $aUNINA LEADER 01035nam a22002651i 4500 001 991004187579707536 005 20031007161609.0 008 031111s1991 it |||||||||||||||||ita 020 $a8839550054 035 $ab12539478-39ule_inst 035 $aARCHE-057274$9ExL 040 $aDip.to Lingue$bita$cA.t.i. Arché s.c.r.l. Pandora Sicilia s.r.l. 082 04$a463 100 1 $aCalvi, Maria Vittoria$0174000 245 10$aNuevas palabras =$bParole nuove : dizionario spagnolo-italiano e italiano-spagnolo di neologismi e di espressioni colloquiali /$cM. V. Calvi, S. Monti 260 $aTorino :$bParavia,$c1991 300 $a318 p. ;$c23 cm 650 4$aLingua spagnola$xDizionari italiani 700 1 $aMonti, Silvia 907 $a.b12539478$b02-04-14$c13-11-03 912 $a991004187579707536 945 $aLE012 REF 463.51 CAV$g1$i2012000250116$lle012$o-$pE0.00$q-$rn$so $t0$u0$v0$w0$x0$y.i12986082$z13-11-03 996 $aNuevas palabras$9172490 997 $aUNISALENTO 998 $ale012$b13-11-03$cm$da $e-$fita$git $h0$i1